000 00374nam a2200157Ia 4500
008 230524s9999 xx 000 0 und d
082 _a5.13
_bROY
100 _aM.K.Roy
245 0 _aTheory and Problems in Cobol Programming
250 _a2ND
260 _aNEW DELHI
_bTMH
_c1999
300 _aXX;496
500 _aQuantity Number: 2
650 _aComp-Sc
942 _cBK
999 _c25960
_d25960